LEADER 00808nam0 2200241 450 001 000006028 005 20051110104800.0 010 $a88-14-09160-9 100 $a20051110d2002----km-y0itay50------ba 101 0 $aita 102 $aIT 105 $ay-------001yy 200 1 $aAdozione di maggiorenni e minori$eartt. 291-314$eL. 4 maggio 1983, n. 184, Diritto del minore a una famiglia$fMassimo Dogliotti 210 $aMilano$cGiuffrè$d2002 215 $aXXI, 966 p.$d25 cm 225 2 $aCodice civile$iCommentario 410 0$12001$aCodice civile. Commentario 700 1$aDogliotti,$bMassimo$0117577 801 0$aIT$bUNIPARTHENOPE$c20051110$gRICA$2UNIMARC 912 $a000006028 951 $aD-0001 (artt. 0291-0314)$b35943$cNAVA3 996 $aAdozione di maggiorenni e minori$968721 997 $aUNIPARTHENOPE